| 000 | 00544nam a22001817a 4500 | ||
|---|---|---|---|
| 003 | OSt | ||
| 005 | 20230221092913.0 | ||
| 008 | 140507b xxu||||| |||| 00| 0 eng d | ||
| 020 | _a9789712724398 | ||
| 050 |
_aRT 24 _b.C139 2011 |
||
| 100 | _aCajucom, Leonides. | ||
| 245 |
_aTechnical writing for nursing students / _cLeonides Cajucom. |
||
| 260 |
_aMandaluyong City : _bAnvil Publishing, _cc2011. |
||
| 300 |
_a91 p. : _c26 cm. |
||
| 650 |
_aEnglish language _xTechnical English _xHandbooks |
||
| 942 |
_2lcc _cBK _kFIL |
||
| 999 |
_c115849 _d115849 |
||